B07 バス停名クイズ - 東急バス ver. - Statistics

General Stats
  • This quiz has been taken 34 times
  • The average score is 131 of 1377
Answer Stats
Answer % Correct
用賀
74%
上町
68%
等々力
68%
池尻
63%
高津
63%
田園調布駅
63%
二子玉川
63%
用賀駅
63%
池尻大橋駅
58%
三軒茶屋
58%
中目黒駅
58%
目黒駅前
58%
淡島
53%
大井町駅
53%
大橋
53%
駒沢
53%
清水
53%
自由が丘駅
53%
成城学園前駅
53%
瀬田
53%
多摩川駅
53%
二子玉川駅
53%
溝の口
53%
溝の口駅
53%
青葉台駅
47%
市が尾駅
47%
上町駅
47%
小杉駅前
47%
渋谷駅西口
47%
渋谷駅東口
47%
祖師ヶ谷大蔵駅
47%
千歳船橋
47%
道玄坂上
47%
三宿
47%
若林
47%
あざみ野駅
42%
恵比寿駅
42%
駒場
42%
鷺沼駅
42%
桜小学校
42%
昭和女子大
42%
たまプラーザ駅
42%
代官山駅
42%
東京駅南口
42%
日吉駅
42%
宮前
42%
祐天寺
42%
江田駅
37%
大坂上
37%
大崎駅
37%
梶が谷駅
37%
上馬
37%
川崎駅ラゾーナ広場
37%
五反田駅
37%
三軒茶屋駅
37%
品川駅
37%
新城
37%
新横浜駅
37%
センター北駅
37%
高津営業所
37%
高津駅前
37%
東京タワー
37%
農大前
37%
松が丘交番前
37%
宮崎台駅
37%
宮前平駅
37%
祐天寺駅
37%
用賀一丁目
37%
池上営業所
32%
池尻住宅前
32%
大蔵ランド前
32%
大崎広小路
32%
大鳥神社前
32%
大森駅
32%
三本杉
32%
下馬営業所
32%
新馬場駅前
32%
成育医療研究センター
32%
成城町
32%
瀬田営業所
32%
世田谷駅前
32%
センター南駅
32%
高輪ゲートウェイ駅
32%
代沢十字路
32%
綱島駅
32%
東京医療センター
32%
中原
32%
中原駅前
32%
新羽駅
32%
野沢龍雲寺
32%
松見坂上
32%
松見坂下
32%
元競馬場前
32%
若林三丁目
32%
青物横丁
26%
池上駅前
26%
大岡山小学校前
26%
大森駅(山王口)
26%
蟹ヶ谷
26%
蒲田駅
26%
上用賀三丁目
26%
学芸大学駅
26%
砧町
26%
経済産業省前
26%
小杉駅東口
26%
駒留
26%
桜丘三丁目
26%
三谷
26%
新城駅前
26%
新代田駅前
26%
新町一丁目
26%
成城学園前駅西口
26%
世田谷観音
26%
洗足駅
26%
東京都市大付属中高前
26%
十日市場
26%
十日市場駅
26%
都立大学駅北口
26%
中里
26%
中山駅北口
26%
奈良北団地
26%
日体大
26%
農大一高前
26%
野沢交番前
26%
藤が丘駅
26%
馬込駅前
26%
武蔵小山
26%
若林一丁目
26%
青葉台営業所
21%
青葉台四丁目
21%
宇山
21%
内幸町
21%
梅ヶ丘駅
21%
大蔵二丁目
21%
大崎駅西口
21%
大丸
21%
大森操車所
21%
尾山台駅
21%
上野毛駅
21%
関東中央病院
21%
関東中央病院前
21%
学芸大学附属高校
21%
北品川
21%
北新横浜駅
21%
砧本村
21%
けこぼ坂上
21%
小杉御殿町
21%
小机駅
21%
駒沢公園
21%
駒沢大学駅前
21%
駒繋小学校入口
21%
駒繋神社
21%
小向
21%
小向交番前
21%
権之助坂
21%
桜丘五丁目
21%
桜丘住宅
21%
桜新町駅
21%
笹原小学校
21%
渋谷駅ハチ公口
21%
渋谷区役所
21%
下馬一丁目
21%
松陰神社前
21%
正覚寺前
21%
白金台駅前
21%
新綱島駅
21%
新平瀬橋
21%
自衛隊中央病院入口
21%
住宅前
21%
自由が丘駅入口
21%
成育医療研究センター前
21%
世田谷区民会館
21%
世田谷区役所入口
21%
ソリッドスクエア前
21%
太子堂中学校
21%
高田駅
21%
田奈駅
21%
代沢一丁目
21%
代田中筋
21%
代田四丁目
21%
弦巻営業所
21%
東急大井町駅
21%
東京医療センター前
21%
東京都市大付属小学校前
21%
等々力操車所
21%
都立大学駅前
21%
中恩田
21%
中恩田橋
21%
中丸小学校
21%
奈良北団地折返場
21%
虹が丘営業所
21%
日大前
21%
新羽営業所
21%
東山一丁目
21%
日比谷
21%
深沢小学校
21%
深沢八丁目
21%
三宿病院前
21%
溝の口駅南口
21%
身延山別院
21%
向ヶ丘遊園駅南口
21%
武蔵小山駅
21%
目黒区総合庁舎
21%
目黒区総合庁舎前
21%
目黒警察署前
21%
目黒消防署
21%
代々木駅
21%
六郷土手
21%
若葉台中央
21%
若林駅前
21%
NHK技術研究所
21%
青葉台一丁目
16%
あかね台
16%
赤羽橋駅前
16%
犬蔵
16%
居木橋
16%
荏原営業所
16%
大井町駅東口
16%
大崎郵便局
16%
大塚
16%
青砥
16%
大森山王
16%
表参道駅
16%
表参道ヒルズ
16%
貝の坂
16%
柿の木坂交番
16%
笠森稲荷前
16%
鹿島田
16%
上馬四丁目
16%
鴨志田
16%
鴨志田団地
16%
川和町
16%
川和町駅
16%
魚籃坂下
16%
鉄町
16%
こどもの国
16%
駒沢公園西口
16%
駒沢公園東口
16%
駒大高校前
16%
駒大深沢キャンパス前
16%
五本木
16%
五本木一丁目
16%
西澄寺
16%
坂上
16%
桜丘中学
16%
サレジオ学院
16%
サンヴァリエ日吉
16%
市営等々力グランド入口
16%
神木
16%
子母口
16%
下馬五丁目
16%
下通り五丁目
16%
下野毛
16%
白金高輪駅前
16%
神学院前
16%
新川崎交通広場
16%
新二子橋
16%
新町消防署前
16%
寿福寺前
16%
自由ヶ丘学園
16%
神宮前三丁目
16%
神宮前二丁目
16%
水道局目黒営業所前
16%
菅刈小学校
16%
すすき野団地
16%
平町
16%
鷹番
16%
多摩川大橋
16%
玉川警察署
16%
玉川台区民センター
16%
玉川田園調布
16%
電々アパート前
16%
田道小学校入口
16%
桐蔭学園入口
16%
桐蔭学園前
16%
東京共済病院
16%
東京共済病院前
16%
東京国際フォーラム前
16%
東芝小向事業所
16%
東芝前
16%
東宝前
16%
等々力駅入口
16%
中延駅前
16%
長原
16%
中原会館
16%
中山大橋
16%
西大井駅
16%
日大商学部前
16%
農大成人学校前
16%
野川
16%
野川台
16%
蓮沼駅
16%
原宿駅入口
16%
東根小学校
16%
東山田営業所
16%
東山田駅
16%
美術館
16%
深沢高校
16%
深沢小学校前
16%
深沢不動前
16%
二子神社前
16%
不動尊参道
16%
不動前駅入口
16%
放送大学学習センター
16%
馬込銀座
16%
緑が丘駅
16%
宮下公園
16%
宮前区役所前
16%
向ヶ丘遊園駅入口
16%
目黒郵便局
16%
八雲
16%
八雲三丁目
16%
山野小学校
16%
郵便局前
16%
若林折返所
16%
若林交番
16%
若林陸橋北口
16%
青葉台二丁目
11%
青山学院西門
11%
あかね台入口
11%
あざみ野ガーデンズ
11%
油面公園
11%
雨堤
11%
池上八丁目
11%
池辺
11%
伊太利屋本社
11%
梅田橋
11%
荏田
11%
恵比寿駅入口
11%
恵比寿駅東口
11%
恵比寿区民施設
11%
恵比寿公園
11%
恵比寿社会教育館
11%
園芸高校前
11%
覆馬場
11%
大崎警察署前
11%
大塚山
11%
奥沢六丁目
11%
おし沼
11%
恩田
11%
恩田駅
11%
貝塚
11%
柿生駅前
11%
勝田
11%
勝田折返所
11%
上池上
11%
上鉄鴨志田口
11%
上用賀四丁目
11%
かんなみの杜・渋谷
11%
ガス橋二十一世紀桜
11%
北青山三丁目
11%
北参道入口
11%
北参道交差点
11%
北千束二丁目
11%
北八朔
11%
北八朔住宅
11%
北見方
11%
北山田駅
11%
砧公園緑地入口
11%
競走馬総合研究所
11%
郷土博物館・文学館
11%
桐が谷
11%
桐が谷坂上
11%
久が原出世観音
11%
久地
11%
久地駅前
11%
久地消防前
11%
区立常磐松小学校前
11%
グリーンハイツ東
11%
慶応義塾東門
11%
月光原
11%
公園前
11%
国立能楽堂
11%
国立代々木競技場
11%
小杉町
11%
こどもの国駅
11%
小山三丁目
11%
小山台高校入口
11%
五本木二丁目
11%
西郷橋
11%
さくらが丘
11%
桜新町一丁目
11%
桜町高校前
11%
猿楽町
11%
参宮橋(駒テラス西参道)
11%
サントゥール中川
11%
サントリー前
11%
山王二丁目
11%
山谷橋
11%
市営等々力グランド前
11%
渋谷神宮前郵便局
11%
子母口住宅前
11%
神木本町
11%
清水庚申
11%
市民ミュージアム
11%
市民ミュージアム前
11%
下馬六丁目
11%
下平間
11%
下丸子駅入口
11%
白坂
11%
白坂住宅前
11%
新豊沢橋
11%
新橋区民施設
11%
寺家町
11%
神宮前小学校(神宮前交番)
11%
神南郵便局
11%
杉山神社前
11%
すみよし台
11%
聖マリアンナ医科大学
11%
洗足池
11%
洗足駅入口
11%
洗足学園前
11%
仙台坂
11%
千駄ヶ谷駅(東京体育館)
11%
千駄ヶ谷社会教育館
11%
千駄ヶ谷二丁目
11%
センター前
11%
高田駅前
11%
高田町
11%
鷹巣橋
11%
玉川病院
11%
玉堤
11%
田向公園
11%
第一三共前
11%
代官山駅入口
11%
池雪小学校
11%
千年
11%
中央町
11%
中央町二丁目
11%
土橋
11%
土橋四丁目
11%
弦巻三丁目
11%
寺窪
11%
田園調布一丁目
11%
田園調布二丁目
11%
田園調布本町
11%
東急百貨店本店前
11%
東名江田
11%
徳持
11%
戸越銀座
11%
虎ノ門一丁目
11%
鳥山
11%
鳥山大橋
11%
道中坂下
11%
中耕地
11%
中町
11%
中根町
11%
中根町交番前
11%
南平
11%
虹が丘小学校
11%
虹が丘団地
11%
西下橋
11%
西太子堂
11%
西高津中学校入口
11%
西馬込駅前
11%
新羽営業所庚申堀
11%
新羽町
11%
日本体育大学前
11%
野川台公園前
11%
野沢銀座
11%
野沢三丁目
11%
梅林
11%
馬場先門
11%
東が丘二丁目
11%
東馬込一丁目
11%
東馬込二丁目
11%
碑文谷警察署
11%
碑文谷呑川
11%
日吉本町
11%
平塚二丁目
11%
平塚橋
11%
深沢一丁目
11%
深沢坂上
11%
深沢不動前(駒沢通り口)
11%
堀の内
11%
馬込第三小学校
11%
丸子橋
11%
緑山
11%
南青山三丁目交差点
11%
南品川五丁目
11%
南馬場
11%
宮崎桜の丘公園前
11%
宮崎台小学校
11%
宮崎農協
11%
宮下公園前
11%
宮前橋
11%
明神坂上
11%
武蔵新田駅
11%
明治公園前
11%
明治神宮前駅
11%
明治神宮(原宿駅)
11%
明治薬科大学
11%
夫婦坂
11%
目黒駅東口
11%
めぐろ区民キャンパス
11%
目黒中央中学校
11%
目黒不動尊
11%
もみの木台
11%
守屋図書館
11%
矢口三丁目
11%
矢口渡
11%
八雲高校
11%
藪根
11%
祐天寺裏
11%
雪が谷
11%
用賀公団前
11%
用賀神社前
11%
吉沢
11%
代々木一丁目
11%
代々木区民会館
11%
林試の森入口
11%
歴博通り中央
11%
広尾1丁目
11%
青葉台2丁目
11%
渋谷2丁目
11%
渋谷4丁目
11%
藤子・F・不二雄ミュージアム
11%
青葉区総合庁舎
5%
青葉台公園上
5%
青葉台連合商店会
5%
あざみ野ガーデンズ北
5%
愛宕山下
5%
吾妻山
5%
有馬第二団地前
5%
有馬変電所
5%
安詳寺前
5%
飯室
5%
池上警察署
5%
池上三丁目
5%
池上文化センター
5%
池上六丁目
5%
石ヶ谷
5%
石橋
5%
井田病院正門前
5%
市ヶ尾高校
5%
市の坪中町
5%
市の坪南町
5%
稲葉製作所前
5%
稲荷坂
5%
犬蔵小学校前
5%
犬蔵二丁目
5%
今井上町
5%
入新井第四小学校
5%
牛久保西公園
5%
牛久保東
5%
美しが丘三丁目
5%
美しの森入口
5%
美しの森中央
5%
宇奈根一丁目
5%
梅が丘
5%
梅丘一丁目
5%
裏門坂
5%
永安寺前
5%
江川町
5%
エステスクエアセンター北
5%
江田駅北
5%
荏田新道
5%
江田ドエル前
5%
榎が丘
5%
えのき橋
5%
荏原病院前
5%
荏原町駅入口
5%
恵比寿ガーデンプレイス
5%
恵比寿ガーデンプレイス南
5%
遠藤町
5%
延命寺前
5%
円融寺前
5%
エーダンモール深沢
5%
大井第一小学校
5%
大井第一小学校北
5%
大井本通り
5%
大ヶ谷戸
5%
大崎橋
5%
大棚
5%
大田文化の森
5%
大塚製靴前
5%
大綱橋
5%
大場町
5%
大場町入口
5%
大森十中前
5%
大森郵便局
5%
岡本一丁目
5%
岡本もみじが丘
5%
奥沢駅北口
5%
奥沢駅通り
5%
奥沢駅南口
5%
御成門小学校前
5%
尾山町
5%
オリンピック下丸子店前
5%
貝塚坂
5%
貝塚中町
5%
柿の木坂二丁目
5%
加計塚小学校
5%
梶が谷五丁目
5%
梶が谷二丁目
5%
梶が谷四丁目
5%
鹿島神社前
5%
鹿島田中町
5%
勝田団地
5%
金山
5%
鎌田
5%
上池上商店街
5%
上大崎
5%
神隠
5%
上小田中
5%
上作南原
5%
上野川
5%
上野毛まちづくりセンター
5%
上宮内
5%
亀甲橋
5%
河原町団地前
5%
川和公会堂前
5%
学芸附属小学校
5%
学芸附属中学校
5%
北浦
5%
北ヶ谷
5%
北綱島
5%
北八朔公園入口
5%
北山田交差点
5%
北山田小学校入口
5%
砧町東
5%
砧南中学校前
5%
キヤノン玉川事業所
5%
キヤノン本社通用門前
5%
霧が丘高校前
5%
切通し上
5%
久が原特別出張所前
5%
くすのき公園
5%
九品仏駅前
5%
区役所通り中央
5%
倉田屋前
5%
区立九中前
5%
黒須田
5%
グランド前
5%
グリーンサラウンドシティ
5%
グリーンハイツ中央
5%
グリーンハイツ西
5%
慶応義塾大前
5%
研究所前
5%
月光原小学校前
5%
厚生中央病院前
5%
公団西口
5%
国際プール正門前
5%
国士舘大学
5%
国道口
5%
小黒谷戸
5%
越路
5%
小杉駅入口グランツリー前
5%
小杉御殿町二丁目
5%
小杉十字路
5%
小机新道
5%
駒岡
5%
駒が橋
5%
駒沢三丁目
5%
小山町
5%
コンフォール南日吉
5%
五所塚
5%
西福寺前
5%
幸町二丁目
5%
佐江戸
5%
境田
5%
さくらが丘入口
5%
桜新町二丁目
5%
桜台
5%
桜台ビレッジ前
5%
さくらの丘公園入口
5%
笹の原交差点
5%
笹丸
5%
さつきが丘
5%
サレジオ教会
5%
三角公園
5%
産能大前
5%
山谷みどり台
5%
椎木地蔵尊入口
5%
四季の家
5%
ししがはな
5%
自然園下
5%
品川銀座
5%
しばられ松
5%
渋谷インフォスタワー
5%
渋谷車庫前(渋谷区ふれあい植物センター前)
5%
神木天満宮
5%
神木不動
5%
下恩田
5%
下鉄黒須田口
5%
下田上町
5%
下田町
5%
下根
5%
下丸子図書館入口
5%
商店街入口
5%
正福寺前
5%
消防署入口
5%
白井坂
5%
白坂東
5%
しらとり台
5%
白金台五丁目
5%
新石川一丁目
5%
新石川三丁目
5%
新石川二丁目
5%
新栄高校北口
5%
新蒲田三丁目
5%
新蒲田二丁目
5%
新作
5%
新田堀
5%
新丸子駅西口
5%
神明社前
5%
新吉田町
5%
慈恵会医大前
5%
実相寺前
5%
児童公園前
5%
常真寺前
5%
浄水場前
5%
水車橋
5%
末長
5%
末長三丁目
5%
すみれが丘
5%
すみれが丘公園
5%
すみれが丘南
5%
瑞雲寺前
5%
聖マリアンナ医大入口
5%
清明学園下
5%
世田谷警察署前
5%
世田谷総合高校
5%
瀬田(環八口)
5%
瀬田中学
5%
専念寺前
5%
税務署前
5%
ゼネラル裏門
5%
ゼネラル正門
5%
ゼームス坂上
5%
高田交差点
5%
高田住宅前
5%
高田小学校入口
5%
高田消防前
5%
高田地域ケアプラザ前
5%
高津高校前
5%
高津中学校入口
5%
鷹野大橋
5%
高畑小学校
5%
高畑神社
5%
田尻町
5%
橘出張所前
5%
橘小学校
5%
たちばな台二丁目
5%
多摩川一丁目
5%
多摩川台公園
5%
玉川電話局
5%
玉川病院入口
5%
多摩美術大学
5%
第一公園前
5%
代官山町
5%
代官山保育園・ログロード代官山
5%
大善寺
5%
大東園前
5%
大坊前
5%
団地前
5%
地区センター前
5%
千鳥二丁目
5%
茶屋坂
5%
中央一丁目
5%
長徳寺前
5%
町内会館前
5%
調布学園前
5%
長福寺前
5%
土橋神社前
5%
土橋南公園
5%
都筑医療センター入口
5%
都筑区総合庁舎
5%
都筑郵便局
5%
つつじが丘
5%
つつじ橋
5%
堤方橋
5%
綱島西二丁目
5%
弦巻一丁目
5%
天満宮前
5%
田園調布学園大学前
5%
田園調布五丁目
5%
田園調布坂上
5%
田園調布郵便局前
5%
田道ふれあい館前
5%
東京都市大北入口
5%
東京都市大前
5%
東芝日吉住宅前
5%
東中
5%
東名高速下
5%
東横線小杉駅
5%
常盤橋
5%
徳持小学校
5%
徳持神社
5%
都市大総合グラウンド前
5%
戸手アパート前
5%
とどろきアリーナ前
5%
等々力商店街
5%
等々力七丁目
5%
豊沢児童遊園地
5%
虎の門病院分院
5%
都立一商
5%
都立第一商業高校
5%
都立大学駅南口
5%
都立大学附属高校前
5%
都立大学理学部前
5%
道々橋
5%
道々橋八幡前
5%
中有馬
5%
中井下
5%
中川小学校
5%
中川中学校前
5%
長芝橋
5%
中新城
5%
中の瀬
5%
中原区役所前
5%
中町五丁目
5%
中村
5%
中目黒スクエア前
5%
なかめ公園橋前
5%
奈良地区センター前
5%
奈良町
5%
成合
5%
南平台町
5%
西大井駅入口
5%
西新橋二丁目
5%
西平台
5%
西谷戸入口
5%
西六郷一丁目
5%
西六郷三丁目
5%
西六郷小学校
5%
西六郷二丁目
5%
日大グランド前
5%
日大高校前
5%
日産スタジアム前
5%
新田地区センター入口
5%
新田中学前
5%
新田農協前
5%
新田緑道
5%
根方
5%
野川坂上
5%
野川小学校
5%
野川台東
5%
野川中里
5%
はあとぴあ原宿入口
5%
白洋舎前
5%
狭間谷戸
5%
鉢山中学校東
5%
鉢山町交番
5%
原町交番前
5%
日丘橋
5%
東が丘一丁目
5%
東口商栄会通り
5%
東二丁目
5%
東平台
5%
東深沢小学校
5%
東深沢中学校
5%
東二子
5%
東前
5%
東山田営業所前
5%
東山田スポーツ会館
5%
東山田町
5%
日下山
5%
久末
5%
久本
5%
碑文谷五丁目交番
5%
碑文谷三丁目
5%
碑文谷二丁目
5%
日吉井田坂
5%
日吉駅通り
5%
日吉駅東口
5%
日吉五丁目
5%
日吉台中学校
5%
日吉町
5%
日吉本町四丁目南
5%
日吉矢上
5%
平津
5%
平津三叉路
5%
平間駅入口
5%
ヒルサイドテラス
5%
美術館入口
5%
深沢中学入口
5%
福祉パル前
5%
富士見台
5%
富士見台小学校前
5%
二子玉川緑地前
5%
雙葉学園前
5%
不動尊門前
5%
武道館前
5%
文化総合センター大和田
5%
プラウドシティ日吉
5%
別所
5%
弁天池前
5%
保木
5%
保木入口
5%
本門寺裏
5%
本門寺前
5%
前川神社前
5%
馬絹
5%
馬絹神社前
5%
馬込橋
5%
又口橋
5%
松風台
5%
御影橋
5%
美里橋前
5%
みすずが丘
5%
三田一丁目
5%
みたけ台
5%
みたけ台小学校下
5%
三田公園前
5%
三田五丁目
5%
三田橋
5%
道塚小学校
5%
三菱ケミカル前
5%
緑県税事務所
5%
みどり台
5%
緑山スタジオ
5%
南加瀬住宅前
5%
南台団地下
5%
南二子
5%
南馬込三丁目
5%
南馬込二丁目
5%
箕輪町
5%
箕輪町舟下
5%
宮内
5%
宮内西
5%
宮が丘
5%
宮崎台小学校正門
5%
宮崎第四公園
5%
宮崎第四公園入口
5%
宮崎団地
5%
宮崎二丁目
5%
宮の下
5%
宮前美しの森公園
5%
宮前平小学校
5%
宮前平ショッピングパーク
5%
宮前平中学校
5%
宮前中町
5%
宮前西町
5%
宮前南
5%
宮前郵便局前
5%
宮元通り
5%
御幸公園前
5%
妙光寺前
5%
明神池前
5%
向丘南原
5%
明治横浜研究所前
5%
元石川高校
5%
薬師前
5%
矢口小学校
5%
矢口中学校
5%
矢口特別出張所入口
5%
矢口東小学校前
5%
八雲四丁目
5%
矢尻
5%
やのはし
5%
山内小学校
5%
山内中学校
5%
山下
5%
遊水池前
5%
夕焼け橋
5%
雪ヶ坂
5%
雪が谷中学前
5%
雪谷文化センター
5%
柚の木谷
5%
夢見ヶ崎動物公園前
5%
用賀中学校
5%
横浜市歴史博物館前
5%
吉田口
5%
吉田新田
5%
吉田橋
5%
四ッ家
5%
蓬谷戸
5%
陸橋西口
5%
陸橋東口
5%
六の橋
5%
若草台
5%
若葉台車庫前
5%
若林四丁目
5%
恵比寿1丁目
5%
恵比寿南1丁目
5%
恵比寿西2丁目
5%
東2丁目
5%
恵比寿4丁目
5%
第9公園前
5%
JT前
5%
綱島SST前
5%
綱島SST脇
5%
猿楽トレーニングジム入口・代官山Tサイト
5%
青葉台小学校入口
0%
麻生不動入口
0%
旭変電所前
0%
あざみ野三丁目
0%
あざみ野団地
0%
あざみ野二丁目
0%
あざみ野南
0%
あざみ野南三丁目
0%
あざみ野南四丁目
0%
あざみ野四丁目
0%
天沼住宅入口
0%
アリュール日吉本町
0%
生田緑地入口
0%
池上橋
0%
泉公園
0%
泉田向
0%
伊勢山神社下
0%
市が尾中学校
0%
一本橋
0%
伊藤学園
0%
稲荷橋
0%
稲荷前
0%
犬蔵公民館前
0%
入谷橋
0%
岩川
0%
牛込
0%
臼田坂上
0%
臼田坂下
0%
美しが丘五丁目
0%
美しが丘西
0%
美しが丘西一丁目
0%
美しが丘西三丁目
0%
美しが丘西二丁目
0%
宇奈根ハンカチ公園
0%
荏子田一丁目
0%
荏子田三丁目
0%
荏子田二丁目
0%
荏田西五丁目
0%
荏田西四丁目
0%
榎が丘小学校前
0%
荏原一丁目
0%
恵比寿南一公園前
0%
延命地蔵尊
0%
王禅寺口
0%
王禅寺坂上
0%
王禅寺中央小学校前
0%
王禅寺中央中学校前
0%
王禅寺東三丁目
0%
大井五丁目
0%
大井原町
0%
大蔵第二運動場
0%
大田都税事務所
0%
大戸小学校前
0%
大戸神社前
0%
青砥団地
0%
青砥中央
0%
大場坂上
0%
大場中央
0%
大場子の神
0%
大森駅北口
0%
大森日赤前
0%
岡本三丁目
0%
奥沢七丁目
0%
奥沢二丁目
0%
小倉
0%
打越
0%
尾山台三丁目
0%
尾山台中学校
0%
柿生中学校下
0%
柿の木台入口
0%
覚永寺
0%
桂台
0%
桂台公園入口
0%
桂台遊水池前
0%
甲神社入口
0%
上市が尾
0%
上谷本第一公園
0%
上用賀五丁目
0%
上用賀遊歩道
0%
上用賀六丁目
0%
鴨志田町
0%
萱場公園入口
0%
唐が崎
0%
川崎西部地域療育センター前
0%
川向町
0%
川和小学校前
0%
川和団地下
0%
川和町郵便局
0%
川和富士公園入口
0%
ガーデンハウス前
0%
北綱島小学校入口
0%
北八朔公園江古田口
0%
北八朔公園東名口
0%
北馬込一丁目
0%
喜多見小学校
0%
砧中学校下
0%
霧が丘センター前
0%
切通し前
0%
熊の谷公園
0%
区役所通り入口
0%
区立総合運動場
0%
区立七中前
0%
黒須田小学校入口
0%
グリーンハイツ東第二
0%
県営アパート
0%
研究所裏
0%
公園坂下
0%
公園橋
0%
庚申塚
0%
交通安全教育センター入口
0%
小台
0%
小机辻
0%
琴平下
0%
ことり橋
0%
駒岡十字路
0%
駒岡不動尊前
0%
駒沢中学校
0%
駒大高校裏
0%
コンフォール東山田
0%
西明寺前
0%
桜アベニュー
0%
さくら会前
0%
桜台上
0%
桜台第二公園
0%
桜台団地前
0%
桜通り
0%
下綱
0%
寒谷戸
0%
サレジアン国際学園世田谷
0%
山王五丁目
0%
三本松
0%
品川区役所入口
0%
品川歴史館北
0%
清水公園入口
0%
清水台
0%
下有馬
0%
下市が尾
0%
下宿
0%
下新城
0%
下神明駅入口
0%
下田地蔵尊前
0%
下田小学校
0%
下田町五丁目
0%
下田仲町
0%
下奈良
0%
下根住宅前
0%
下の町住宅前
0%
下目黒五丁目
0%
精進橋
0%
祥泉院
0%
菖蒲園前
0%
白幡八幡前(新道)
0%
新川向橋
0%
神前橋
0%
新田坂下
0%
真福寺
0%
新吉田小学校南
0%
ジェネヒルあざみ野
0%
寺家ふるさと村
0%
次大夫堀公園前
0%
重代
0%
乗泉寺
0%
城山
0%
陣屋町
0%
水神前
0%
水道局青葉事務所前
0%
菅生
0%
菅生車庫
0%
菅生中学校
0%
姿見台
0%
杉山神社入口
0%
すすき野一丁目
0%
すすき野入口
0%
すすき野二丁目
0%
住吉神社前
0%
静嘉堂文庫
0%
清正公前
0%
聖ドミニコ学園
0%
泉谷寺前
0%
ゼネラル入口
0%
宗泉寺下
0%
蔵敷
0%
蔵敷団地
0%
たいら高山
0%
高山
0%
田奈高校
0%
玉川温室村
0%
多摩川グランド前
0%
玉川高校前
0%
玉川神社前
0%
玉川台二丁目
0%
玉川町
0%
多摩大学目黒セミナーハウス
0%
玉堤一丁目
0%
玉堤小学校
0%
玉堤小南門
0%
玉堤地区会館
0%
玉根橋
0%
樽町
0%
代官山Tサイト
0%
団地中央
0%
千草台
0%
千年新町
0%
長遠寺前
0%
朝光寺前
0%
長泉寺
0%
調布高校グランド前
0%
千代橋
0%
つつじが丘小学校前
0%
綱島駅入口
0%
綱島東四丁目
0%
綱島変電所
0%
弦巻中学前
0%
鶴蒔橋
0%
寺台
0%
天ヶ谷
0%
天神森橋
0%
天祖神社
0%
天祖神社裏
0%
田園調布学園大学キャンパス
0%
樋橋
0%
東京学園高校通り
0%
東京都市大東入口
0%
東京都市大南入口
0%
東光寺前
0%
東福寺前
0%
東名向ヶ丘入口
0%
常盤台
0%
戸越三丁目
0%
都市大等々力キャンパス東
0%
都市大等々力キャンパス前
0%
戸手一丁目
0%
等々力五丁目
0%
等々力小学校前
0%
等々力通り中央
0%
等々力不動尊
0%
等々力四丁目
0%
道玄坂上(交番前)
0%
苗万坂
0%
長尾
0%
長尾橋
0%
長坂
0%
中崎橋
0%
中里学園入口
0%
中里橋
0%
長沢
0%
中山谷
0%
中根小学校
0%
中根二丁目
0%
中之窪町
0%
中原駅入口
0%
中谷都
0%
中谷戸
0%
梨木団地入口
0%
並木橋
0%
奈良小学校前
0%
西大井二丁目
0%
虹が丘一丁目
0%
虹が丘二丁目
0%
西五反田四丁目
0%
西原
0%
日大高校正門
0%
日体大裏
0%
日本大通り
0%
沼部
0%
子の神
0%
能満寺
0%
野川くぬぎ坂
0%
野川台西口
0%
野川郵便局前
0%
野毛公園前
0%
野毛桜堤
0%
野毛二丁目
0%
のちめ不動
0%
呑川緑道
0%
八幡神社
0%
はちまん橋
0%
花島
0%
早渕台公園
0%
原ヶ谷
0%
馬事公苑前駐在所
0%
パークウェイ入口
0%
東有馬第一団地前
0%
東生田
0%
東市が尾小学校
0%
東柿生小学校
0%
東玉川交番前
0%
東玉川町
0%
東山田一丁目
0%
東山田駅入口
0%
東山田二丁目
0%
東山田四丁目
0%
久末団地
0%
ひまわり荘
0%
碑文谷八幡前
0%
日吉の辻
0%
日吉本町交番入口
0%
日吉南小学校前
0%
日吉元石川線入口
0%
平川
0%
広町
0%
ビュープラザセンター北
0%
病院前
0%
深一会商店街
0%
深沢区民センター
0%
深沢坂下
0%
深沢六丁目
0%
藤が丘一丁目
0%
藤が丘小学校
0%
藤が丘小学校裏
0%
藤が丘二丁目
0%
附属世田谷中学校前
0%
札の下
0%
二葉一丁目
0%
二葉三丁目
0%
二葉二丁目
0%
二葉四丁目
0%
不動下
0%
ふるさと村テニスクラブ
0%
保木薬師前
0%
防衛省技術研究所
0%
前田公園
0%
馬込北台
0%
馬込中学校前
0%
馬込南台
0%
丸子通二丁目
0%
満願寺
0%
万福寺前
0%
身代り不動尊前
0%
みすずが丘公園
0%
みたけ台中学校入口
0%
三ッ又
0%
緑が丘交番前
0%
南台町
0%
南綱島住宅
0%
南野川
0%
南原
0%
南山田二丁目
0%
箕輪町三丁目
0%
宮崎小学校
0%
宮前休日診療所
0%
宮前箕輪
0%
御幸小学校前
0%
妙法寺下
0%
民家園
0%
向天神橋
0%
向橋
0%
目黒一丁目
0%
目黒三田会館前
0%
もえぎ野公園
0%
もえぎ野交差点下
0%
元石川町
0%
森ヶ丘団地入口
0%
薬師台公園
0%
矢崎不動
0%
保野
0%
八中前商店会
0%
八幡中学校
0%
山崎
0%
山下小学校前
0%
山田小学校
0%
山田富士
0%
谷本小学校
0%
谷本小学校入口
0%
ゆうふくの郷
0%
ユーランド緑
0%
用賀公園
0%
用賀地区会館
0%
影向寺
0%
幼稚園前
0%
横浜商科大入口
0%
横浜新緑総合病院
0%
横浜美術大学
0%
横浜美術大学(すみよし台)
0%
ライズ・プラザモール前
0%
立正大学付属立正中高前
0%
寮の坂上
0%
蓮生寺前
0%
和田八幡宮下
0%
柿の木台(第1)
0%
みたけ台小学校(第1)
0%
柿の木台(第2)
0%
みたけ台小学校(第2)
0%
玉川高島屋SC西口
0%
No matching quizzes found
Score Distribution
Percent of People with Each Score
Percentile by Number Answered
Your Score History
You have not taken this quiz